A Comparative Study on Hinduism and Christianity on the Basis of The Faith and Salvation / (Record no. 2451)

MARC details
000 -LEADER
fixed length control field 00591nam a22001937a 4500
003 - CONTROL NUMBER IDENTIFIER
control field OSt
005 - DATE AND TIME OF LATEST TRANSACTION
control field 20181015124649.0
008 - FIXED-LENGTH DATA ELEMENTS--GENERAL INFORMATION
fixed length control field 181015b ||||| |||| 00| 0 eng d
040 ## - CATALOGING SOURCE
Transcribing agency DLC
082 ## - DEWEY DECIMAL CLASSIFICATION NUMBER
Classification number REF 025
Item number T366C
100 ## - MAIN ENTRY--PERSONAL NAME
Personal name Thambi, Arun T.
245 ## - TITLE STATEMENT
Title A Comparative Study on Hinduism and Christianity on the Basis of The Faith and Salvation /
Statement of responsibility, etc. By Arun T. Thambi.
260 ## - PUBLICATION, DISTRIBUTION, ETC.
Place of publication, distribution, etc. Greator Noida, UP :
Name of publisher, distributor, etc. Harvest Mission College,
300 ## - PHYSICAL DESCRIPTION
Extent 40 p.:
504 ## - BIBLIOGRAPHY, ETC. NOTE
Bibliography, etc. note Bibliography Includes.
630 ## - SUBJECT ADDED ENTRY--UNIFORM TITLE
Uniform title Institutional Thesis
700 ## - ADDED ENTRY--PERSONAL NAME
Personal name Rev. Manuel Joseph - Mentor
942 ## - ADDED ENTRY ELEMENTS (KOHA)
Source of classification or shelving scheme Dewey Decimal Classification
Koha item type Reference
Holdings
Withdrawn status Lost status Source of classification or shelving scheme Damaged status Not for loan Collection code Home library Current library Shelving location Date acquired Total Checkouts Full call number Barcode Date last seen Price effective from Koha item type
    Dewey Decimal Classification   Staff Collection Reference Harvest Mission College Harvest Mission College Reference 15.10.2018   TH 294 T366C TD0064 15.10.2018 15.10.2018 Reference
    Dewey Decimal Classification   Not For Loan Reference Harvest Mission College Harvest Mission College Reference 15.10.2018   TH 294 T366C TD0063 15.10.2018 15.10.2018 Thesis and Dissertation

OPAC Designed and Maintained by HMC Library Team.
Copyright © HMC Library,Greater Noida, UP.
For any Suggestions/Query Contact library via Email:libhmc@gmail.com